ბათუმის შოთა რუსთაველის სახელმწიფო უნივერსიტეტის ბიბლიოთეკა

Сборник задач и упражнении по астрономии (ბიბ.ჩანაწერი № 48230)

000 -LEADER
fixed length control field 00643nam a2200205Ia 4500
001 - CONTROL NUMBER
control field 15114
003 - CONTROL NUMBER IDENTIFIER
control field GE_BSU
008 - FIXED-LENGTH DATA ELEMENTS--GENERAL INFORMATION
fixed length control field 181216s||||||||xx |||||||||||||| ||und||
040 ## - CATALOGING SOURCE
Transcribing agency GE_BSU
080 ## - UNIVERSAL DECIMAL CLASSIFICATION NUMBER
Universal Decimal Classification number 52(076.1)(075.8)
100 ## - MAIN ENTRY--PERSONAL NAME
Personal name Воронцов-Вельяминов,Б,А
245 ## - TITLE STATEMENT
Title Сборник задач и упражнении по астрономии
245 ## - TITLE STATEMENT
Statement of responsibility, etc. Ред:С,Кулников
260 ## - PUBLICATION, DISTRIBUTION, ETC.
Place of publication, distribution, etc. Москва
260 ## - PUBLICATION, DISTRIBUTION, ETC.
Name of publisher, distributor, etc. Гостехиздат
260 ## - PUBLICATION, DISTRIBUTION, ETC.
Date of publication, distribution, etc. 1963
300 ## - PHYSICAL DESCRIPTION
Extent 279стр,табл,ил,21см
653 ## - INDEX TERM--UNCONTROLLED
Uncontrolled term Сборник задач и упражнении по астрономии
942 ## - ADDED ENTRY ELEMENTS (KOHA)
Koha item type წიგნი
ეგზემპლარები
Withdrawn status Lost status Damaged status Not for loan Date acquired Barcode Date last seen Price effective from Koha item type
        2018-12-17 18095 2018-12-17 2018-12-17 წიგნი